| 000 | 01150pam a2200301 a 4500 | ||
|---|---|---|---|
| 999 |
_c129909 _d129909 |
||
| 001 | 2502940 | ||
| 003 | ARRUPE | ||
| 005 | 20191016085935.0 | ||
| 008 | 920226s1992 enk b 000 0 eng | ||
| 010 | _a 92005431 | ||
| 020 | _a0415065003 | ||
| 040 |
_aDLC _cDLC _dDLC |
||
| 050 | 0 | 0 |
_aBF575.E83 _bC64 1992 |
| 082 | 0 | 0 |
_a155.9 _220 |
| 100 | 1 |
_aCohen, Stanley. _948317 |
|
| 245 | 1 | 0 |
_aEscape attempts : _bthe theory and practice of resistance to everyday life / _cStanley Cohen and Laurie Taylor. |
| 250 | _a2nd. ed. | ||
| 260 |
_aLondon ; _aNew York : _bRoutledge, _c1992. |
||
| 300 |
_axv, 246 p. ; _c22 cm. |
||
| 504 | _aIncludes bibliographical references (p. 237-246). | ||
| 650 | 0 |
_aEscape (Psychology) _948318 |
|
| 650 | 0 |
_aSelf-actualization (Psychology) _98460 |
|
| 700 | 1 |
_aTaylor, Laurie, _d1935- _948319 |
|
| 856 | 4 | 2 |
_3Publisher description _uhttp://www.loc.gov/catdir/enhancements/fy0648/92005431-d.html |
| 906 |
_a7 _bcbc _corignew _d1 _eocip _f19 _gy-gencatlg |
||
| 942 |
_2lcc _cMONOGRAPH |
||